2020 NBA All-Star Teams - Statistics

General Stats
  • This quiz has been taken 670 times
    593 since last reset
  • The average score is 16 of 24
Answer Stats
Team Role Position Player % Correct
Giannis Captain F Giannis Antetokounmpo
94%
LeBron Captain F LeBron James
94%
LeBron Starter G James Harden
87%
LeBron Starter C Anthony Davis
84%
Giannis Starter C Joel Embiid
83%
LeBron Starter G Luka Doncic
81%
LeBron Reserve C Nikola Jokic
81%
LeBron Starter F Kawhi Leonard
79%
LeBron Reserve G Russell Westbrook
77%
LeBron Reserve G Damian Lillard
76%
LeBron Reserve G Chris Paul
75%
LeBron Reserve F Jayson Tatum
72%
Giannis Reserve F Jimmy Butler
67%
Giannis Starter G Trae Young
67%
Giannis Reserve G Donovan Mitchell
62%
Giannis Starter G Kemba Walker
61%
Giannis Reserve C Rudy Gobert
59%
LeBron Reserve G Ben Simmons
58%
Giannis Reserve F Khris Middleton
57%
Giannis Reserve G Kyle Lowry
52%
Giannis Reserve C Bam Adebayo
50%
Giannis Starter F Pascal Siakam
50%
LeBron Reserve C Domantas Sabonis
49%
Giannis Reserve F Brandon Ingram
33%
No matching quizzes found
Score Distribution
Percent of People with Each Score
Percentile by Number Answered
Your Score History
You have not taken this quiz since the last reset